000 00490nam a2200193 a 4500
001 1754722624923
003 YourLibrary
005 20250809123356.0
008 250809s2003##################000#0#eng##
020 _a9780714842899
082 0 4 _a720.92
_bJAC
100 1 _aSheridan, Michael,
_eauthor.
245 1 0 _aRoom 606 :
260 _bPhaidon Press Limited,
_c2003.
300 _a282 pages
650 0 _aArchitecture.
942 _cENGLISH
040 _aYourLibrary
_beng
_cYourLibrary
999 _c579634
_d579634